00432nam a2200169Ia 4500008004100000020001400041050001400055100001700069245006300086245001700149260001300166260002900179260000900208300001500217300002000232300001000252170918s9999 xx 000 0 und d a330349953 bM911 1998 aMoses, Brian aAliens stole my underpants and other intergalactic poems / cBrian Moses. aLondon : bMcmillan Childrens Book, c1998 a63 pages : billustrations ; c19cm.